00485nam a2200193 a 4500001001300000003000900013005001700022008004100039020000800080082001900088100002500107245002100132260003600153300000900189500003500198505001300233650002000246700002500266nice12345678IN_TiNIC20260116011816.0050524s1966 luca grp 000 0 urd  ac800a891.4393bHUS1 aHussain, Saleha Abid aYaadon Ke Kanwal aLucknowbNaseem Book Depoc1966 a482p aincludes index and biblioraphy2 aAppendix aUrdu-Literature1 aHussain, Saleha Abid